[Event "CHN-RUS Summit Men 3rd"]
[Site "Ergun"]
[Date "2006.08.17"]
[Round "7"]
[White "Jakovenko, Dmitrij"]
[Black "Bu, Xiangzhi"]
[Result "1-0"]
[WhiteElo "2667"]
[BlackElo "2664"]
[Annotator "Ftacnik,L"]
[PlyCount "73"]
[EventDate "2006.08.10"]
[EventType "schev"]
[EventRounds "10"]
[EventCountry "CHN"]
[SourceTitle "CBM 114"]
[Source "ChessBase"]
[SourceDate "2006.10.02"]
[SourceVersion "1"]
[SourceVersionDate "2006.10.02"]
[SourceQuality "1"]

1. e4 c5 2. Nf3 d6 3. d4 cxd4 4. Nxd4 Nf6 5. Nc3 a6 6. Be3 e5 7. Nf3 Qc7 8. a4
Be7 9. a5 O-O 10. Be2 Be6 11. O-O Nbd7 12. Ng5 Qc6 (12... Bc4 13. Ra4 Bxe2 14.
Qxe2 Rac8 15. Rd1 Rfd8 16. Nf3 h6 17. Nh4 Bf8 18. Nf5 {1-0 Smirnov,I (2459)
-Markiewicz,J (2259)/Krakow 2005/ (34)}) 13. Qb1 $5 {[%mdl 32] Jakovenko is
still improving rapidly and here he dispays surprizingly deep idea. White is
preparing to meet the advance of black's d pawn with potential attack on the
square h7! It takes some insight to spot the potential despite obstruction of
white pawns on c2 and e4!} (13. Qd3 Rfd8 14. Rfd1 Nc5 15. Bxc5 dxc5 16. Qg3 Rd4
17. b3 Rad8 18. Nxe6 Qxe6 19. Bc4 Nxe4 20. Rxd4 exd4 21. Nxe4 Qxe4 22. Qc7 Rd6
{1/2 Howell,J (2370)-Klinger,J (2460)/Sharjah 1985/ (40)}) (13. Nxe6 fxe6 14.
Bf3 Rad8 15. Qd3 Nc5 16. Bxc5 Qxc5 17. Rfd1 Rd7 18. Na4 Qxa5 19. Qb3 Rc7 20.
Qxe6+ Kh8 21. Qb3 Qb5 {1/2 Seltzer,R-De Fotis,G (2380)/USA 1990/ (26)}) (13.
Bf3 Bc4 14. Re1 h6 15. Nd5 Bd8 16. b3 hxg5 17. bxc4 Qxc4 18. Nxf6+ Nxf6 19.
Bxg5 Qc5 20. Re3 d5 21. Bxf6 Bxf6 22. Rb3 {1/2 Zezulkin,J (2415)-Pisulinski,J 
(2370)/Polanica Zdroj 1993/}) 13... d5 (13... Bg4 14. f3 Bh5 15. Ra4 $14) 14.
Nxd5 Nxd5 (14... Bxd5 15. exd5 Nxd5 16. c4 N5f6 17. Rd1 Rad8 18. Qf5 $14) 15.
exd5 Bxd5 16. c4 Bxg5 {Bu has to get rid of white's knight as the only way to
prevent mate on h7.} (16... Bxg2 $4 17. Qxh7#) 17. cxd5 Qh6 18. Bxg5 Qxg5 19.
Qc1 $5 Qd8 (19... Qf5 $5 20. Qc7 Rfc8 21. Qxb7 Nc5 22. Qe7 $14) (19... Qxc1 $6
20. Raxc1 Nf6 (20... Rac8 21. d6 $16) 21. Rc7 b6 22. Rd1 bxa5 23. d6 $16) 20.
d6 Nf6 (20... Rc8 21. Qd2 Nf6 22. Rac1 Qd7 $14) 21. Qc7 (21. Rd1 Rc8 22. Qe3
Rc6 23. Rac1 Rxd6 24. Qxe5 $14) 21... Qxc7 $2 {Illustrative mistake in a
position with the typical sicilian pawn structure favouring white. The chinese
grandmaster will have to go into great pains to win the white pawn on c7,
white will use the time to attack the b7 pawn.} (21... Ne8 22. Qxb7 Nxd6 23.
Qc6 Nf5 24. Bxa6 Nd4 25. Qb6 $1 $14) 22. dxc7 Rac8 23. Rfc1 Rfe8 (23... Ne8 24.
Bf3 Rxc7 25. Rxc7 Nxc7 26. Rc1 Ne6 27. Bxb7 Nd4 28. Rc5 Rd8 29. g3 $18) 24. Ra3
$1 Re7 (24... Nd5 25. Rb3 Nxc7 26. Rxb7 Ne6 27. Rxc8 Rxc8 28. g3 $18) 25. Rb3
Rcxc7 (25... Ne8 $5 26. Rxb7 Rexc7 27. Rcxc7 Nxc7 (27... Rxc7 28. Bxa6 $18) 28.
Kf1 Kf8 29. b4 f5 30. Ke1 $18) 26. Rxc7 Rxc7 27. Bxa6 $1 {It is quite possible,
that black has missed this blow from afar. Jakovenko will be able to manage
the problems along the basic rank while his opponent his less fortunate in
this respect.} g6 (27... Rc1+ 28. Bf1 Ne4 29. a6 Nd2 30. h4 Rxf1+ 31. Kh2 Nxb3
32. axb7 $18) 28. Rxb7 Rc2 (28... Rc1+ 29. Bf1 Ra1 30. a6 Ne4 31. Rd7 Nc5 32.
Rd5 Nxa6 33. Rd8+ Kg7 34. Ra8 $18) 29. Bf1 Kg7 30. a6 Rc1 31. g3 e4 (31... Ne4
32. Kg2 Rc2 33. a7 Rxf2+ 34. Kg1 $18) 32. Rb3 $1 {The last fine move, rook
belongs behind the passed pawns!} Rc7 (32... Ra1 33. Ra3 $18) 33. Ra3 Ra7 34.
b4 Nd5 35. b5 Kf6 36. Rb3 Nb6 37. Rc3 1-0

[Event "Stepanakert Petrosian Memorial"]
[Site "Stepanakert"]
[Date "2004.03.10"]
[Round "2"]
[White "Asrian, Karen"]
[Black "Kobalia, Mihail"]
[Result "1-0"]
[WhiteElo "2599"]
[BlackElo "2643"]
[Annotator "Ftacnik,L"]
[PlyCount "107"]
[EventDate "2004.03.09"]
[EventType "tourn"]
[EventRounds "9"]
[EventCountry "ARM"]
[EventCategory "13"]
[SourceTitle "CBM 100"]
[Source "ChessBase"]
[SourceDate "2004.06.01"]
[SourceVersion "1"]
[SourceVersionDate "2004.06.01"]
[SourceQuality "1"]

1. e4 c5 2. Nf3 d6 3. d4 cxd4 4. Nxd4 Nf6 5. Nc3 a6 6. Be3 e5 7. Nb3 Be6 8. f3
Nbd7 9. g4 Nb6 10. g5 Nh5 11. Qd2 Rc8 12. O-O-O Be7 13. Kb1 O-O 14. Rg1 g6 15.
h4 Qc7 16. Qf2 Nc4 17. Bxc4 Qxc4 {Black usually takes with bishop on c4, but
in any case the problems have common character.} (17... Bxc4 18. Bb6 (18. Nd5
Bxd5 19. Rxd5 f6 20. Qd2 f5 21. Rc1 fxe4 22. c4 exf3 23. c5 Qd7 24. Rxe5 Rcd8
25. Qd5+ Rf7 26. Rd1 Qc7 27. Rxe7 Qxe7 28. Bf2 Nf4 29. Qxf3 Ne6 30. Qe2 dxc5 {
0-1 Yagupov,I-Amonatov,F/St Petersburg 2003/ (36)}) 18... Qb8 19. Qd2 Kg7 20.
Nc1 f6 21. Be3 fxg5 {1/2-1/2 Magem Badals,J-Zagorskis,D/Elista 1998/ (21)}) 18.
Na5 Qc7 19. Bb6 Qd7 (19... Qb8 20. Qd2 Kg7 21. Nd5 Bxd5 22. Qxd5 Nf4 23. Qd2 f6
$11) 20. Qd2 Rfe8 (20... f6 21. Nd5 fxg5 22. Nxe7+ Qxe7 23. Qxg5 Qxg5 24. hxg5
Rxf3 25. Rxd6 Nf4 26. Nxb7 $16) (20... f5 21. Nd5 fxe4 22. fxe4 Nf4 23. Nxe7+
Qxe7 24. Qxd6 Qf7 25. b3 $16) 21. Nd5 Bf8 (21... Bxd5 22. Qxd5 Nf4 23. Qxe5 Ne2
24. Rge1 Qa4 25. Qh2 Nc3+ (25... Qxc2+ 26. Ka1 Nd4 27. Qf4 Nc6 $14) 26. bxc3
Qb5+ 27. Nb3 Qxb6 28. Rh1 $14) 22. Rh1 Bxd5 $2 {The bishop was an important
part of the operation, now white has an easy play.} (22... f5 23. gxf6 Qf7 24.
Rhg1 Nxf6 25. Nxf6+ Qxf6 26. h5 $14) 23. Qxd5 Rb8 24. Qb3 Rbc8 25. Nc4 Rc6 (
25... Qe6 26. Ne3 Qxb3 27. axb3 Nf4 28. Nd5 Nxd5 29. Rxd5 $14) 26. Ne3 (26. Be3
Qe6 27. Nb6 Qxb3 28. axb3 f5 29. Nd5 Kf7 30. Rhe1 $14) 26... Nf4 27. Ng4 Bg7
28. Be3 Rec8 (28... Ne6 29. h5 Qe7 30. Rh2 Nxg5 31. hxg6 hxg6 32. Nh6+ Bxh6 33.
Rxh6 $16) 29. Rh2 (29. Bxf4 exf4 30. c3 $14) 29... Qe7 30. Rhd2 (30. Bxf4 exf4
31. h5 Qxg5 32. hxg6 hxg6 33. Qxb7 Kf8 34. Qb4 $14) 30... Ne6 31. c3 b5 32. Qa3
Rd8 {Kobalija has no counterplay and he must way for the improvement of the
position, that white is able to invent.} (32... Rb8 33. Qb4 Rd8 34. Bf2 Nf4 35.
Ne3 $14) 33. Bf2 f6 34. gxf6 Bxf6 35. Rh1 (35. Qb3 Kh8 36. h5 Bg5 (36... gxh5
37. Nxf6 Qxf6 38. Bh4 Qxh4 39. Qxe6 Qf4 40. Rg2 $16) 37. Ne3 Bxe3 38. Bxe3 g5
$14) 35... Nf4 36. Ne3 Bg7 37. Qb3+ Kh8 (37... Qf7 38. Nd5 Nxd5 39. Rxd5 Rf8
40. Rh3 Qe6 41. Rg3 $14) 38. h5 $5 {[%mdl 32] If this move works black can be
in real trouble since his king on h8 will become vulnerable.} Nxh5 (38... gxh5
$2 39. Bh4 Bf6 40. Nf5 Qf8 41. Bg3 Bg5 42. Bxf4 Bxf4 43. Rdd1 Rdc8 44. Rxh5 $16
) 39. Bh4 Nf6 (39... Bf6 40. Nd5 Qg7 41. Nxf6 Nxf6 42. Qe6 g5 43. Bxg5 $1 Qxg5
44. Rg2 Qxg2 45. Qxf6+ Qg7 46. Qxd8+ Qg8 47. Qd7 Rc8 48. Qxd6 $18) 40. Nd5 Qf8
41. Rdh2 Nh5 (41... h5 42. Rg1 Kh7 43. Rhg2 $18) 42. Bxd8 Qxd8 43. f4 $1 {
Asrian keeps pushing for a real advantage, opening of lines is useful for
rooks.} exf4 (43... Rc4 44. f5 Ng3 45. Rxh7+ Kg8 46. f6 Bxf6 47. Rd7 Qf8 48.
Nxf6+ Qxf6 49. Qd1 Nxh1 50. Qd5+ Kf8 51. Qa8+ $18) 44. Nxf4 Be5 45. Qf7 Bxf4 (
45... Qg8 46. Nxg6+ Qxg6 47. Qf8+ Qg8 48. Qxg8+ Kxg8 49. Rxh5 $18) 46. Qxf4 Qe7
(46... Nxf4 47. Rxh7+ Kg8 48. Rh8+ Kf7 49. Rxd8 $18) 47. Qf3 Rc4 48. Rh4 Kg7 (
48... Nf6 49. Rf4 Nh5 50. Rg4 Nf6 51. Rxg6 Qxe4+ 52. Qxe4 Nxe4 53. Re6 $18) 49.
Rf1 Rc7 $6 (49... Qxh4 $2 50. Qf8#) (49... Rc8 50. Qg4 Rc5 51. Rfh1 $16) 50. e5
$1 {The final blow, black is unable to defend the exposed king.} Rc8 (50...
dxe5 51. Rxh5 $1 gxh5 52. Rg1+ Kh8 53. Qa8+ $18) 51. exd6 Qxd6 (51... Qxh4 52.
Qb7+ Kh6 53. Qxc8 $18) 52. Qf7+ Kh6 (52... Kh8 53. Rd4 Qe5 54. Rd7 $18) 53.
Rxh5+ Kxh5 (53... gxh5 54. Rf6+ $18) 54. Qxh7+ (54. Qxh7+ Kg5 55. Rg1+ Kf5 56.
Qf7+ Ke4 57. Re1+ Kd3 58. Qf1+ Kd2 59. Qe2#) 1-0

[Event "Amsterdam NH Hotels 1st"]
[Site "Amsterdam"]
[Date "2006.08.28"]
[Round "9"]
[White "Smeets, Jan"]
[Black "Nunn, John DM"]
[Result "1-0"]
[WhiteElo "2532"]
[BlackElo "2617"]
[Annotator "Ftacnik,L"]
[PlyCount "75"]
[EventDate "2006.08.19"]
[EventType "schev"]
[EventRounds "10"]
[EventCountry "NED"]
[SourceTitle "CBM 114"]
[Source "ChessBase"]
[SourceDate "2006.10.02"]
[SourceVersion "1"]
[SourceVersionDate "2006.10.02"]
[SourceQuality "1"]

1. e4 c5 2. Nf3 d6 3. d4 Nf6 4. Nc3 cxd4 5. Nxd4 a6 6. Be3 e5 7. Nb3 Be6 8. f3
Be7 9. Qd2 O-O 10. O-O-O Nbd7 11. g4 b5 12. g5 b4 13. Ne2 Ne8 14. h4 a5 15. Kb1
Nc7 16. f4 a4 17. Nbc1 Bg4 {Very topical line with speedy black's counterplay
on the queenside is developing by the day. Black must be very careful since
his opponent is ready to grab any positional advantage on offer.} (17... exf4
18. Nxf4 Qb8 (18... Rb8 19. Ncd3 Ne5 20. Nxb4 Bg4 21. Rc1 Bf3 22. Bg2 Bxg2 23.
Nxg2 d5 24. c3 Nc4 25. Qe1 d4 26. Rd1 Ne6 27. Bxd4 Bxb4 28. cxb4 Nxd4 29. Qc3 {
1-0 Yu Lie (2334)-Lin Weiguo (2448)/Suzhou 2006/ (54)}) (18... b3 19. cxb3 axb3
20. a3 (20. Nxb3 Bxb3 21. axb3 Ne5 22. Bb6 Qb8 23. Bxc7 Qxc7 24. Nd5 Qa7 25.
Nxe7+ Qxe7 26. Qxd6 Qe8 {1/2 Rytshagov,M (2503)-Danner,G (2370)/Bled 2002/ (30)
}) 20... Ra4 21. Nxe6 fxe6 22. Nxb3 Qa8 23. Qc2 Ne5 24. Rd4 {1-0 Goloshchapov,
A (2543)-Danner,G (2407)/Batumi 2002/ (37)}) 19. Nd5 Bxd5 20. exd5 Ra5 21. Bg2
Ne5 22. Bd4 Rd8 23. Nd3 Nxd5 24. Bxd5 Rxd5 25. Nxb4 Rb5 26. a3 {1/2 Shovunov,B
(2475)-Zagrebelny,S (2485)/Krasnodar 1998/ (72)}) (17... Qb8 18. f5 Bc4 19. Ng3
Bxf1 20. Rhxf1 f6 21. g6 Rc8 22. gxh7+ Kh8 23. Nh5 Nb5 24. Qg2 Na3+ 25. bxa3
bxa3+ 26. Nb3 Bf8 27. Bh6 {1-0 Zivkovic,V (2407)-Bender,I (2301)/Velika Gorica
2006/ (31)}) (17... b3 18. cxb3 axb3 19. f5 bxa2+ 20. Ka1 Bc4 21. Ng3 Bxf1 22.
Rdxf1 d5 23. f6 Bc5 24. fxg7 Kxg7 25. Nf5+ Kh8 26. exd5 {1-0 Damjanovic,V 
(2320)-Vaulin,A (2515)/Belgrade 1993/ (50)}) 18. f5 d5 {The first independent
moves seems to be very logical as black needs some air for his bishop on e7.} (
18... Bf3 19. Rg1 Bxe4 20. f6 $1 Nxf6 21. gxf6 Bxf6 22. Ng3 Bf3 23. Be2 Bxe2
24. Qxe2 Ne6 25. Nh5 Kh8 26. Nxf6 Qxf6 27. Rxd6 Qxh4 28. Qg2 {1-0 Pikula,D 
(2523)-Kovacevic,A (2559)/Petrovac 2004/ (38)}) 19. exd5 Bd6 (19... Bxf5 20. d6
b3 21. axb3 axb3 22. Nxb3 Bxd6 23. Qxd6 Nb5 24. Qb4 $18) 20. f6 (20. Bh3 Bxh3
21. Rxh3 a3 22. b3 Ra5 23. c4 bxc3 24. Nxc3 Bb4 $13) 20... a3 {There was no
benefit in opening of the kingside against his own king. Nunn is correctly
concentrating on building the chances of his own.} (20... gxf6 $6 21. gxf6 $1 (
21. Bh3 Bxh3 22. Rxh3 f5 $11) 21... Nxf6 22. Rg1 (22. Bh6 Ne4 23. Qe3 f5) 22...
Kh8 23. Bg5 Bf3 24. Bg2 $14 Bxg2 $140 25. Rxg2 Ncxd5 $2 26. Bh6 Rg8 27. Rxg8+
Qxg8 28. Rg1 $18) 21. b3 (21. Rg1 Bf3 22. Bg2 Bxg2 23. Rxg2 axb2 24. Kxb2 Nb5
$13) 21... Re8 (21... gxf6 22. gxf6 Nxf6 23. Rg1 Kh8 24. Bg5 $14) 22. Rg1 (22.
fxg7 Bf3 23. Rh3 e4 24. Re1 Kxg7 25. Nd4 (25. Nf4 Kg8 $13) 25... Bg4 26. Nce2
$14) 22... Bf3 23. Bg2 Bxg2 (23... e4 $5 24. fxg7 Ne5 25. Qe1 Kxg7 $13) 24.
Rxg2 Ra5 25. c4 bxc3 26. Nxc3 Bb4 27. d6 {Smeets is finding it very hard to
keep the spare pawn on d5. With opening of the position his king on b1 might
be come vulnerable.} (27. Nd3 Bxc3 28. Qxc3 Nxd5 29. Qe1 e4 30. Nf4 Ne5 $11)
27... Nb5 (27... Nd5 28. N1e2 Qc8 (28... Re6 29. Qc1 Rxd6 30. Nxd5 Raxd5 31.
Rxd5 Rxd5 32. Qc4 Rd1+ 33. Nc1 Bf8 $11) 29. Rc1 Qb7 30. Rg3 Bxd6 31. fxg7 Bb4
32. Qd3 Kxg7 33. h5 $14) 28. N1e2 Ra6 $2 {[%mdl 16384] The english grandmaster
lacks practise and his rustiness shows in a painful way. Black had build up a
good position and by bringing the last reserves into play his chances would
have been fair. Instead he rushes to win back the pawn, loses coordination,
control and the game.} (28... Qc8 $1 29. Rc1 Nxd6 30. fxg7 Qb7 31. Rh2 Rc8 $13)
29. Qd3 $1 Nxc3+ (29... Bxc3 30. Qxb5 Ra5 31. Qc4 Bb2 32. fxg7 $18) 30. Nxc3
Rxd6 31. Nd5 e4 (31... Qa8 32. Rg4 Bc5 (32... Nc5 33. Bxc5 Bxc5 34. Rc4 $18)
33. Bxc5 Nxc5 34. Qc4 Qc8 35. Rg2 Qf5+ 36. Rc2 $16) 32. Qb5 {What a sorry
picture! Black pieces are cramped, lack coordination and activity, the bishop
on b4 is doomed.} Ne5 (32... Qa5 $2 33. Qxa5 Bxa5 34. Ne7+ $18) 33. Ne7+ (33.
Rd4 Nc6 34. Ne7+ Nxe7 (34... Rxe7 35. fxe7 Qxe7 36. Rc4 Qd7 37. Rgc2 Rd1+ 38.
Bc1 $18) 35. fxe7 Qxe7 36. Qxb4 $18) 33... Rxe7 34. Rxd6 Bxd6 35. fxe7 Qxe7 36.
Qd5 Nf3 (36... Ng6 37. Rg4 $18) 37. Qa8+ Qf8 38. Qxe4 (38. Qxe4 Ne5 39. Rd2 $18
) 1-0

[Event "Rostock GM"]
[Site "Rostock"]
[Date "2002.08.28"]
[Round "4"]
[White "Lanka, Zigurds"]
[Black "Szelag, Marcin"]
[Result "1-0"]
[WhiteElo "2504"]
[BlackElo "2369"]
[Annotator "Ftacnik,L"]
[PlyCount "71"]
[EventDate "2002.08.25"]
[EventType "tourn"]
[EventRounds "9"]
[EventCountry "GER"]
[EventCategory "8"]
[SourceTitle "CBM 091"]
[Source "ChessBase"]
[SourceDate "2002.11.12"]
[SourceVersion "1"]
[SourceVersionDate "2002.11.12"]
[SourceQuality "1"]

1. e4 c5 2. Nf3 d6 3. d4 cxd4 4. Nxd4 Nf6 5. Nc3 a6 6. Be3 e5 7. Nb3 Be6 8. f4
exf4 9. Bxf4 Nc6 10. Qe2 Be7 11. h3 O-O 12. O-O-O Qc7 13. g4 (13. Kb1 b5 (13...
Rfe8 14. g4 Ne5 15. g5 Nfd7 16. Qf2 Rac8 17. Rg1 Bf8 18. Rg3 g6 19. h4 b5 20.
Nd5 Bxd5 21. exd5 Bg7 22. Bh3 Nc4 {0-1 Sax,G-Sadler,M/Germany 2000/ (40)}) 14.
g4 Rfe8 15. g5 Nd7 16. Qg2 Nce5 17. Nd5 Bxd5 18. exd5 Bf8 19. h4 g6 20. h5 Bg7
21. Nd4 {1-0 Lanka,Z-Istratescu,A/Calimanesti 1992/ (39)}) 13... Rfe8 (13...
Nd7 14. Kb1 Rfe8 15. g5 Rac8 16. Qf2 Nce5 17. h4 Nb6 18. Bc1 Nbc4 19. Bxc4 Bxc4
20. Nd5 Bxd5 21. exd5 Bf8 22. h5 a5 23. Nd4 Qc5 24. Qg2 Nc4 {0-1 Blimke,
D-Kadziolka,B/Brzeg Dolny 2001/ (61)}) 14. g5 Nd7 15. Qg2 {[%mdl 128] White's
attack is more dangerous than in many other lines since his pawns are quickly
reaching opponent's kingside.} (15. h4 b5 16. h5 Nce5 17. Bh3 Nf8 18. Nd5 Qc4
19. Qxc4 bxc4 20. Nd4 Bxd5 21. exd5 g6 22. h6 f5 23. gxf6 Bxf6 24. Rdf1 {
1-0 Gofshtein,L-Petkevich,J/Groningen 1993/ (42)}) 15... Nce5 16. Kb1 Rac8 (
16... b5 17. Nd5 Bxd5 18. exd5 Rac8 19. h4 Nb6 20. h5 $14) 17. Nd5 Bxd5 (17...
Qd8 18. Nd4 Bxd5 19. exd5 Qa5 20. Be2 $14) 18. exd5 Bf8 (18... Ng6 19. Bc1 b5
20. h4 Nge5 21. h5 $14) 19. h4 g6 (19... b5 20. h5 $14) 20. h5 Bg7 21. hxg6
hxg6 (21... fxg6 22. Qh2 Nf8 23. Bh3 $16) 22. c3 Nb6 (22... b5 23. Qh2 Nf8 24.
Nd4 $16) 23. Qh2 {Opening of the h file is quite critical for black, since
black is still long way from creating threats against white king.} Na4 24. Rc1
Qb6 25. Be2 a5 26. Bxe5 Rxe5 (26... Bxe5 27. Qh7+ Kf8 28. Rhf1 Re7 29. Qxg6 $18
) 27. Rcf1 Rc7 (27... Nxc3+ 28. bxc3 Rxc3 29. Qh7+ Kf8 30. Rxf7+ Kxf7 31. Rf1+
Rf5 32. Rxf5+ gxf5 33. Bh5+ Kf8 34. Qxf5+ Ke7 35. Qe6+ Kd8 36. Qg8+ Kc7 37.
Qxg7+ $18) 28. Bd3 Qe3 (28... Nxc3+ 29. bxc3 a4 30. Bxg6 Kf8 (30... axb3 31.
Bxf7+ Rxf7 32. Qh7+ Kf8 33. Rxf7+ Kxf7 34. Rf1+ Ke8 35. Qg8+ Kd7 36. Rf7+ (36.
Qxg7+ $2 Re7 $11) 36... Re7 37. Rxe7+ Kxe7 38. Qxg7+ Kd8 39. Qf6+ Kc7 40. Qe7+
Kb8 41. Qe6 $18) 31. Bxf7 Rxf7 32. Rxf7+ Kxf7 33. Qh5+ Ke7 34. Qg6 $18) 29.
Bxg6 $1 Ree7 (29... Nxb2 30. Qh5 Kf8 31. Bxf7 Qd3+ 32. Ka1 Rf5 33. Rxf5 Qxf5
34. Be6 $18) 30. Nd4 (30. Qxd6 Qe5 31. Bh7+ Kf8 32. Qa3 $18) 30... Nxc3+ (30...
Nxb2 31. Bxf7+ Rxf7 32. Qh7+ Kf8 33. Ne6+ Ke8 34. Qg8+ Bf8 35. Qxf8+ Rxf8 36.
Rxf8+ Ke7 37. Rh7#) 31. bxc3 Qxc3 32. Bxf7+ $1 {The final combination comes
just in time and crowns Lanka's attacking efforts.} Rxf7 (32... Kf8 33. Qh8+
Bxh8 34. Rxh8+ Kg7 35. Rg8+ Kh7 36. Rh1+ $18) 33. Qh7+ Kf8 34. Ne6+ Ke8 (34...
Ke7 35. Rxf7+ Kxf7 36. g6+ Ke7 37. Qxg7+ Qxg7 38. Nxg7 $18) 35. Qg8+ Bf8 36.
Qxf8+ $1 (36. Qxf8+ $1 Rxf8 37. Rxf8+ Ke7 38. Rh7+ Qg7 39. Rxg7#) 1-0

[Event "Morelia/Linares 25th"]
[Site "Morelia/Linares"]
[Date "2008.02.17"]
[Round "3"]
[White "Leko, Peter"]
[Black "Shirov, Alexei"]
[Result "1/2-1/2"]
[WhiteElo "2753"]
[BlackElo "2755"]
[Annotator "Ftacnik,L"]
[PlyCount "73"]
[EventDate "2008.02.15"]
[EventType "tourn"]
[EventRounds "14"]
[EventCountry "ESP"]
[EventCategory "21"]
[SourceTitle "CBM 123"]
[Source "ChessBase"]
[SourceDate "2008.04.02"]
[SourceVersion "1"]
[SourceVersionDate "2008.04.02"]
[SourceQuality "1"]

1. e4 c5 2. Nf3 d6 3. d4 cxd4 4. Nxd4 Nf6 5. Nc3 a6 6. Be3 e5 7. Nf3 Be7 8. Bc4
O-O 9. O-O Be6 10. Bb3 Nc6 11. Qe2 Na5 12. Rfd1 Nxb3 13. cxb3 Qb8 {Shirov
decides to ignore the threat of elimination of the f6 knight as he hopes to
get enough counterplay anyway.} 14. Bg5 b5 15. Rd3 (15. Ne1 h6 16. Bxf6 Bxf6
17. Nc2 Bd8 18. Nb4 Bb6 19. Ncd5 Bc5 20. Nc6 Qb7 21. b4 Bxd5 22. exd5 Bb6 23.
a4 $14 {1/2 Mainka,R (2455)-Skembris,S (2530)/Dortmund 1992 (34)}) 15... h6 16.
Bxf6 (16. Be3 $2 Qb7 $17) 16... Bxf6 17. Rad1 Be7 18. Nd5 Bxd5 19. Rxd5 {
The recapture with the rook keeps alive the dream of relocating the knight to
the phenomenal d5-square.} (19. exd5 Qb7 20. Rc3 Rac8 21. Qc2 Rxc3 22. bxc3 Rc8
$15) 19... Qc7 20. Ne1 Rac8 21. g3 (21. Nd3 Qa7 $11) 21... f5 22. exf5 Rxf5 23.
Qe4 {Leko refrains from assaulting the center with the f-pawn since Black can
hold his own without problems.} (23. f4 Qa7+ 24. Kh1 Rcf8 25. Nd3 Qb7 26. Qe4
$11) 23... Rcf8 24. R1d2 h5 25. Rc2 Qa7 26. Nd3 h4 {Shirov advances the case
of his counterplay, but White could now get some advantage.} 27. Kg2 (27. Nf4
Bg5 28. Nh3 Be7 29. Rd3 hxg3 30. hxg3 Qd7 31. f3 $11) (27. Qg4 $1 hxg3 28. hxg3
Rg5 29. Qe6+ Kh7 30. Nc5 $14) 27... hxg3 (27... Qd7 28. a4 Rh5 29. Kg1 hxg3 30.
hxg3 $11) 28. hxg3 Qd7 29. Rc1 Rh5 30. Rh1 Rxh1 31. Kxh1 Qf5 {The endgame is
certainly not risky for Black as he hopes to use his free pawn on the d-file.}
(31... Rf6 32. a4 Qc6 33. Kg2 Rh6 $11) 32. Qxf5 Rxf5 33. Kg2 Kf7 34. Nb4 Ke6
35. Rd1 (35. Rd2 a5 36. Nc6 Rf8 37. Nxa5 Rc8 38. b4 d5 39. a3 Bd8 $44) 35... a5
36. Nc6 Rf8 37. Nxa5 {Leko managed to get the pawn on time and thus preserves
equal chances.} (37. Nxa5 d5 (37... Rc8 38. a4 bxa4 39. bxa4 Rc2 40. b4 d5 41.
b5 Bc5 $132) 38. a3 (38. Rc1 Ra8 39. Nc6 Rxa2 $15) 38... Rc8 39. Rd2 e4 $36)
1/2-1/2